Statistics for Game of Thrones Trivia- How Well Do You Know the Starks?

Click here to take the quiz!

General Stats

  • This quiz has been taken 11,124 times
  • The average score is 13 of 15

Answer Stats

Hint Answer % Correct
Ned's full nameEddard
98%
The name of the sword Jon gives AryaNeedle
96%
Why is Jon's last name Snow?He is a bastard
96%
Bran's hobby before he fellClimbing
95%
The saying of the houseWinter is coming
95%
Ned Stark is the Warden of the...North
94%
Sansa is betrothed to...Joffrey Baratheon
92%
The sigil of the houseDirewolf
92%
The name of the youngest StarkRickon
91%
Catelyn Stark's last name before she was marriedTully
90%
The name of the Stark uncle who is a ranger on the wallBenjen
87%
Ned's sword is called...Ice
84%
The name of Robb's direwolfGrey Wind
75%
The name of Ned's late sisterLyanna
73%
The family prays in...The Godswood
47%

Score Distribution

Percentile by Number Answered

Percent of People with Each Score

Your Score History

You have not taken this quiz